00739cam a22002058i 4500020003100000040000800031082002600039100002000065245002500085250002300110300001300133650001400146650001400160650002900174650002400203942000700227999001700234952014700251952013500398 a9780078024511 (alk. paper) cDLC00a379 MCG 2014 A114 Or.1 aSpring, Joel H.10aAmerican education / aSixteenth edition. apages cm 0aEducation 0aEducation 0aEducational equalization 0aEducation and state cEK c17445d17445 0010406379_000000000000000_MCG_2014_A114_OR70975707aLBAbLBAcA114d2018-11-27o379 MCG 2014 A114 Or.pA36550r2018-11-27w2018-11-27yEK 0010406379_000000000000000_MCG_2014_A114_OR70975713aLBAbLBAcA114d2018-11-27o379 MCG 2014 A114 Or.pA36715r2018-11-27yEK